[Event "Titled Tuesday intern op 7th Mar Late"]
[Site "Chess.com INT"]
[Date "2023.03.07"]
[Round "11"]
[White "Curtis, John"]
[Black "Needleman, Gaston"]
[Result "1-0"]
[WhiteElo "2292"]
[BlackElo "2429"]
[PlyCount "63"]
[EventDate "2023.03.07"]
[EventType "swiss (blitz)"]
[EventRounds "11"]
[EventCountry "USA"]
[SourceTitle "EXT 2024"]
[Source "ChessBase"]
[SourceDate "2023.10.10"]
[SourceVersion "1"]
[SourceVersionDate "2023.10.10"]
[SourceQuality "1"]

1. e4 c5 2. Nf3 Nc6 3. d4 cxd4 4. c3 e6 5. cxd4 d5 6. Nc3 dxe4 7. Nxe4 Nf6 8. Nxf6+ gxf6 9. Bd3 Bb4+ 10. Bd2 Bxd2+ 11. Qxd2 Bd7 12. Rd1 Qb6 13. Bc4 0-0-0 14. 0-0 Rhg8 15. d5 Ne5 16. Nxe5 fxe5 17. Qc3 f6 18. dxe6 Bc6 19. Bd5 Kb8 20. Bxc6 Qxc6 21. Qxc6 bxc6 22. f4 exf4 23. Rxd8+ Rxd8 24. Rxf4 Kc7 25. Rxf6 Rd1+ 26. Rf1 Rd2 27. Rf7+ Kb6 28. e7 Re2 29. Kf1 Re6 30. g4 a5 31. h4 Rxe7 32. Rxe7 1-0

[Event "Titled Tuesday intern op 7th Mar Late"]
[Site "Chess.com INT"]
[Date "2023.03.07"]
[Round "2"]
[White "Rytenko, Vsevolod"]
[Black "Needleman, Gaston"]
[Result "1-0"]
[WhiteElo "2362"]
[BlackElo "2429"]
[PlyCount "33"]
[EventDate "2023.03.07"]
[EventType "swiss (blitz)"]
[EventRounds "11"]
[EventCountry "USA"]
[SourceTitle "EXT 2024"]
[Source "ChessBase"]
[SourceDate "2023.10.10"]
[SourceVersion "1"]
[SourceVersionDate "2023.10.10"]
[SourceQuality "1"]

1. e4 c5 2. Nf3 e6 3. d4 cxd4 4. Nxd4 Nc6 5. Nc3 Qc7 6. Ndb5 Qb8 7. Nd5 exd5 8. exd5 Nf6 9. d6 Kd8 10. Bg5 h6 11. Bxf6+ gxf6 12. Qf3 Bg7 13. 0-0-0 f5 14. Qxf5 a5 15. Qxf7 Bf8 16. Qf6+ Ke8 17. Re1+ 1-0

[Event "Titled Tuesday intern op 23rd June"]
[Site "Chess.com INT"]
[Date "2020.06.23"]
[Round "5"]
[White "Ghimpu, Samuel Timotei"]
[Black "Needleman, Gaston"]
[Result "1/2-1/2"]
[WhiteElo "2302"]
[BlackElo "2429"]
[PlyCount "150"]
[EventDate "2020.06.23"]
[EventType "swiss (blitz)"]
[EventRounds "10"]
[EventCountry "USA"]
[SourceTitle "CBM 197 Extra"]
[Source "ChessBase"]
[SourceDate "2020.09.30"]
[SourceVersion "1"]
[SourceVersionDate "2020.09.30"]
[SourceQuality "1"]

1. f4 d5 2. Nf3 g6 3. g3 Bg7 4. Bg2 c5 5. 0-0 Nc6 6. d3 Nf6 7. Qe1 0-0 8. e4 dxe4 9. dxe4 e5 10. f5 Nd4 11. Na3 gxf5 12. Nh4 Nxe4 13. Nxf5 Bxf5 14. Bxe4 Bxe4 15. Qxe4 f5 16. Qxb7 Rb8 17. Qg2 e4 18. c3 Nf3+ 19. Kh1 Qe8 20. Bf4 Rd8 21. Nc4 Qh5 22. Nd2 Rd3 23. Nxf3 exf3 24. Qc2 c4 25. Qa4 Qf7 26. Qc6 Rfd8 27. Rxf3 R3d7 28. Re1 h5 29. Qe6 h4 30. Qxf7+ Kxf7 31. Bg5 Re8 32. Rxf5+ Kg6 33. Rxe8 Kxf5 34. Bxh4 Rd1+ 35. Kg2 Rd2+ 36. Kf3 Rxb2 37. g4+ Kg6 38. Re6+ Kh7 39. Re7 Kg6 40. Rxa7 Bxc3 41. Rc7 Rxa2 42. Rxc4 Ra3 43. Rc6+ Kf7 44. Ke4 Ra4+ 45. Kd5 Rxg4 46. Bg3 Bf6 47. Rc7+ Kg6 48. Rc2 Rd4+ 49. Ke6 Re4+ 50. Kd5 Rd4+ 51. Kc5 Rg4 52. Rf2 Bd4+ 53. Kd5 Bxf2 54. Bxf2 Kf5 55. Bg3 Ra4 56. Kc5 Ra2 57. Kc4 Rc2+ 58. Kb3 Rg2 59. Kb4 Kg4 60. Kc4 Kh3 61. Kd4 Ra2 62. Kc4 Ra8 63. Kd4 Re8 64. Kd5 Re2 65. Kc4 Ra2 66. Kb3 Rg2 67. Kc4 Re2 68. Kd3 Re8 69. Kd4 Rd8+ 70. Kc5 Rc8+ 71. Kd6 Ra8 72. Kd5 Ra4 73. Kc5 Ra3 74. Kc4 Rxg3 75. hxg3 Kxg3 1/2-1/2

[Event "Titled Tuesday intern op 23rd June"]
[Site "Chess.com INT"]
[Date "2020.06.23"]
[Round "1"]
[White "Needleman, Gaston"]
[Black "Abdrlauf, Elham"]
[Result "1/2-1/2"]
[WhiteElo "2429"]
[BlackElo "2367"]
[PlyCount "175"]
[EventDate "2020.06.23"]
[EventType "swiss (blitz)"]
[EventRounds "10"]
[EventCountry "USA"]
[SourceTitle "CBM 197 Extra"]
[Source "ChessBase"]
[SourceDate "2020.09.30"]
[SourceVersion "1"]
[SourceVersionDate "2020.09.30"]
[SourceQuality "1"]

1. d4 Nf6 2. Nf3 e6 3. c4 d5 4. Nc3 c6 5. cxd5 exd5 6. Bf4 Bd6 7. Bxd6 Qxd6 8. e3 0-0 9. Bd3 Re8 10. Qc2 h6 11. h3 Nbd7 12. 0-0 Nf8 13. Ne5 Be6 14. f4 a6 15. Kh1 Rac8 16. Qf2 c5 17. Rad1 cxd4 18. exd4 Bd7 19. Bb1 b5 20. a3 a5 21. Qf3 b4 22. axb4 axb4 23. Ne2 Ne4 24. Ng3 Nxg3+ 25. Qxg3 f6 26. Ng6 Re2 27. Nxf8 Qxf8 28. Qd3 Re4 29. Qb3 Ree8 30. Qxd5+ Be6 31. Qh5 f5 32. d5 Bd7 33. d6 Qf7 34. Qh4 Re2 35. Rf2 Re3 36. Rfd2 Rce8 37. Kh2 b3 38. Rd4 Re2 39. Bd3 Qg6 40. Bxe2 Rxe2 41. Qg3 Qe6 42. R4d2 Re3 43. Qh4 Kh7 44. Qe7 Qxe7 45. dxe7 Be8 46. Rd3 Rxe7 47. Rxb3 Ba4 48. Rbd3 Bxd1 49. Rxd1 Re4 50. Rb1 Rxf4 51. b4 Rd4 52. b5 Rd7 53. b6 Rb7 54. Kg3 g5 55. Kf3 Kg6 56. Ke3 Kf6 57. Kd4 g4 58. h4 f4 59. Ke4 f3 60. gxf3 gxf3 61. Kxf3 Kf5 62. Kg3 h5 63. Rb5+ Ke4 64. Rb1 Rg7+ 65. Kh3 Rb7 66. Re1+ Kf5 67. Rb1 Ke4 68. Rb5 Kf4 69. Kg2 Kg4 70. Rb4+ Kf5 71. Kf3 Ke5 72. Rb5+ Kd6 73. Kf4 Kc6 74. Rb4 Rg7 75. Kf5 Kb7 76. Kf6 Rg1 77. Rb5 Rf1+ 78. Kg6 Rg1+ 79. Kxh5 Rg8 80. Kh6 Rg4 81. h5 Kb8 82. Kh7 Rg5 83. h6 Rxb5 84. Kg8 Rxb6 85. h7 Ka7 86. Kg7 Rb8 87. h8Q Rxh8 88. Kxh8 1/2-1/2

[Event "Titled Tuesday intern op 26th May"]
[Site "Chess.com INT"]
[Date "2020.05.26"]
[Round "3"]
[White "Needleman, Gaston"]
[Black "Aslanov, Umid Fuad"]
[Result "1-0"]
[WhiteElo "2429"]
[BlackElo "2019"]
[PlyCount "33"]
[EventDate "2020.05.26"]
[EventType "swiss (blitz)"]
[EventRounds "10"]
[EventCountry "USA"]
[SourceTitle "CBM 196 Extra"]
[Source "ChessBase"]
[SourceDate "2020.07.31"]
[SourceVersion "1"]
[SourceVersionDate "2020.07.31"]
[SourceQuality "1"]

1. d4 Nf6 2. c4 g6 3. Nc3 Bg7 4. e4 d6 5. f3 0-0 6. Bg5 Nc6 7. Qd2 e5 8. d5 Ne7 9. Nge2 Nh5 10. g4 Nf4 11. Nxf4 exf4 12. Bxf4 f5 13. gxf5 gxf5 14. Rg1 Ng6 15. Bg5 Bf6 16. Bh3 Bxg5 17. Qxg5 1-0

[Event "Titled Tuesday intern op 5th May"]
[Site "Chess.com INT"]
[Date "2020.05.05"]
[Round "9"]
[White "Ivanova, Karina"]
[Black "Needleman, Gaston"]
[Result "0-1"]
[WhiteElo "2085"]
[BlackElo "2429"]
[PlyCount "72"]
[EventDate "2020.05.05"]
[EventType "swiss (blitz)"]
[EventRounds "10"]
[EventCountry "USA"]
[SourceTitle "EXT 2021"]
[Source "ChessBase"]
[SourceDate "2020.10.23"]
[SourceVersion "1"]
[SourceVersionDate "2020.10.23"]
[SourceQuality "1"]

1. Nf3 c6 2. g3 d5 3. Bg2 Nf6 4. 0-0 Bf5 5. c4 Nbd7 6. d3 e5 7. cxd5 cxd5 8. Nc3 Bd6 9. Bg5 h6 10. Bd2 0-0 11. Qb3 Nb6 12. a4 d4 13. Nb5 Be6 14. Qd1 Nfd5 15. Nxd6 Qxd6 16. a5 Nd7 17. Qa4 Nc5 18. Qa3 b6 19. Rfc1 Kh7 20. axb6 axb6 21. Qxa8 Rxa8 22. Rxa8 Nb3 23. Rd1 Nxd2 24. Nxd2 Qb4 25. Nc4 f6 26. Raa1 b5 27. Nd2 Qxb2 28. Rab1 Qc2 29. Rbc1 Qa4 30. Ra1 Qb4 31. Rab1 Qc5 32. Rbc1 Nc3 33. Kf1 b4 34. Re1 b3 35. e3 b2 36. Rc2 Qb5 0-1

[Event "Titled Tuesday intern op 5th May"]
[Site "Chess.com INT"]
[Date "2020.05.05"]
[Round "8"]
[White "Needleman, Gaston"]
[Black "Chen, Ryo"]
[Result "0-1"]
[WhiteElo "2429"]
[BlackElo "2085"]
[PlyCount "104"]
[EventDate "2020.05.05"]
[EventType "swiss (blitz)"]
[EventRounds "10"]
[EventCountry "USA"]
[SourceTitle "CBM 196 Extra"]
[Source "ChessBase"]
[SourceDate "2020.07.31"]
[SourceVersion "1"]
[SourceVersionDate "2020.07.31"]
[SourceQuality "1"]

1. d4 Nf6 2. Nc3 d5 3. Bg5 g6 4. Bxf6 exf6 5. e3 Bg7 6. Bd3 f5 7. Nge2 0-0 8. Qd2 c6 9. Nf4 Nd7 10. h4 Nf6 11. h5 g5 12. Nh3 Ne4 13. Bxe4 fxe4 14. h6 Bxh6 15. 0-0-0 Bg7 16. f4 f6 17. g4 Bxg4 18. Rdg1 Bf3 19. Rh2 h6 20. fxg5 fxg5 21. Nf2 Qd6 22. Ng4 Bxg4 23. Rxg4 Rf1+ 24. Nd1 Raf8 25. c3 Qe6 26. Qe2 Qf5 27. Kc2 Qf3 28. Rgg2 Qxe2+ 29. Rxe2 Kh7 30. Nf2 Kg6 31. Nh3 R1f3 32. b3 R8f5 33. c4 Bf8 34. Nf2 h5 35. Nh3 Bd6 36. Rh1 g4 37. Rg2 Rg3 38. Rxg3 Bxg3 39. Ng1 Rf1 40. c5 Bf2 41. Rh2 Bxg1 42. Rh1 Kg5 43. b4 h4 44. b5 h3 45. b6 a6 46. a4 Kh4 47. Kb3 g3 48. Kb4 g2 49. Rh2 Bxh2 50. Ka5 g1Q 51. Kb4 Rb1+ 52. Ka5 Qe1# 0-1

[Event "Mendoza ITT"]
[Site "Mendoza"]
[Date "2020.01.30"]
[Round "9"]
[White "Madina Yadarola, Martin"]
[Black "Needleman, Gaston"]
[Result "1/2-1/2"]
[WhiteElo "2165"]
[BlackElo "2420"]
[PlyCount "29"]
[EventDate "2020.01.26"]
[EventType "tourn"]
[EventRounds "9"]
[EventCountry "ARG"]
[SourceTitle "CBM 195 Extra"]
[Source "ChessBase"]
[SourceDate "2020.05.31"]
[SourceVersion "1"]
[SourceVersionDate "2020.05.31"]
[SourceQuality "1"]

1. e4 c5 2. Nf3 e6 3. d4 cxd4 4. Nxd4 Nc6 5. Nc3 Qc7 6. f4 a6 7. a3 b5 8. Nxc6 Qxc6 9. Bd3 Bb7 10. Qe2 b4 11. axb4 Bxb4 12. 0-0 Nf6 13. e5 Bxc3 14. bxc3 Ne4 15. Ba3 1/2-1/2

[Event "Mendoza ITT"]
[Site "Mendoza"]
[Date "2020.01.27"]
[Round "3"]
[White "Needleman, Gaston"]
[Black "Uelf, Maximiliano"]
[Result "1-0"]
[WhiteElo "2420"]
[BlackElo "2234"]
[PlyCount "63"]
[EventDate "2020.01.26"]
[EventType "tourn"]
[EventRounds "9"]
[EventCountry "ARG"]
[SourceTitle "CBM 195 Extra"]
[Source "ChessBase"]
[SourceDate "2020.05.31"]
[SourceVersion "1"]
[SourceVersionDate "2020.05.31"]
[SourceQuality "1"]

1. c4 d5 2. cxd5 Qxd5 3. Nc3 Qa5 4. Nf3 Nf6 5. d4 Bf5 6. e3 c6 7. Bc4 e6 8. 0-0 Nbd7 9. Bd2 Qc7 10. Qe2 Ne4 11. Rac1 Bd6 12. Bd3 Ndf6 13. Nb5 Qd8 14. Nxd6+ Qxd6 15. Be1 Bg4 16. h3 Bh5 17. g4 Bg6 18. Ne5 h5 19. f3 hxg4 20. fxe4 Rxh3 21. Nxg6 Nh5 22. Ne5 Nf6 23. Nc4 Qc7 24. e5 0-0-0 25. Ba5 b6 26. exf6 gxf6 27. Be4 Rdh8 28. Nd6+ Kb8 29. Rxc6 Rh1+ 30. Bxh1 Rxh1+ 31. Kxh1 Qxc6+ 32. Qg2 1-0

[Event "Mar del Plata op 39th"]
[Site "Mar del Plata"]
[Date "2008.03.16"]
[Round "2"]
[White "Needleman, Gaston"]
[Black "Fernandez, Cesar Luis"]
[Result "1-0"]
[WhiteElo "2406"]
[BlackElo "2115"]
[PlyCount "49"]
[EventDate "2008.03.15"]
[EventType "swiss"]
[EventRounds "9"]
[EventCountry "ARG"]
[SourceTitle "CBM 123 Extra"]
[Source "ChessBase"]
[SourceDate "2008.05.06"]
[SourceVersion "1"]
[SourceVersionDate "2008.05.06"]
[SourceQuality "1"]

1. e4 e5 2. Nf3 Nc6 3. Bb5 a6 4. Ba4 Nf6 5. 0-0 b5 6. Bb3 Bc5 7. d3 h6 8. Nc3 d6 9. Nd5 Bg4 10. c3 Ba7 11. h3 Bh5 12. Nxf6+ Qxf6 13. g4 Bg6 14. Bd5 Kd7 15. a4 Bb6 16. axb5 axb5 17. Rxa8 Rxa8 18. g5 Qe7 19. Nh4 h5 20. Nf5 Qf8 21. d4 Rb8 22. Bxc6+ Kxc6 23. dxe5 Kd7 24. exd6 cxd6 25. Nxd6 1-0

[Event "Mar del Plata op 39th"]
[Site "Mar del Plata"]
[Date "2008.03.15"]
[Round "1"]
[White "Ortiz, Jorge Daniel"]
[Black "Needleman, Gaston"]
[Result "0-1"]
[WhiteElo "1912"]
[BlackElo "2406"]
[PlyCount "64"]
[EventDate "2008.03.15"]
[EventType "swiss"]
[EventRounds "9"]
[EventCountry "ARG"]
[SourceTitle "CBM 123 Extra"]
[Source "ChessBase"]
[SourceDate "2008.05.06"]
[SourceVersion "1"]
[SourceVersionDate "2008.05.06"]
[SourceQuality "1"]

1. e4 c5 2. Nf3 e6 3. d4 cxd4 4. Nxd4 Nc6 5. Be2 Qc7 6. 0-0 a6 7. a3 Nf6 8. Nc3 b5 9. Nxc6 dxc6 10. f4 Bb7 11. e5 Nd5 12. Nxd5 cxd5 13. c3 Bc5+ 14. Kh1 0-0 15. Qd3 f6 16. Be3 Be7 17. Bg4 f5 18. Bf3 a5 19. b4 g5 20. g3 g4 21. Bg2 h5 22. Kg1 h4 23. Rfc1 Qd7 24. Kf2 h3 25. Bf1 d4 26. Qxd4 Qc6 27. Ke1 Kf7 28. Bg1 Rfd8 29. Qb6 Qh1 30. Bxb5 axb4 31. cxb4 Qd5 32. Rd1 Bxb4+ 0-1

[Event "San Luis zt 2.5"]
[Site "San Luis"]
[Date "2007.03.22"]
[Round "5"]
[White "Needleman, Alejandro"]
[Black "Needleman, Gaston"]
[Result "1/2-1/2"]
[WhiteElo "2357"]
[BlackElo "2437"]
[PlyCount "52"]
[EventDate "2007.03.19"]
[EventType "swiss"]
[EventRounds "9"]
[EventCountry "ARG"]
[SourceTitle "CBM 117 Extra"]
[Source "ChessBase"]
[SourceDate "2007.05.09"]
[SourceVersion "1"]
[SourceVersionDate "2007.05.09"]
[SourceQuality "1"]

1. Nf3 g6 2. g3 Bg7 3. d4 Nf6 4. Bg2 0-0 5. 0-0 d5 6. c3 Ne4 7. Nbd2 f5 8. Ne5 e6 9. Nxe4 fxe4 10. f3 exf3 11. exf3 c5 12. Be3 cxd4 13. Bxd4 Nc6 14. Nxc6 bxc6 15. f4 Bxd4+ 16. Qxd4 Qb6 17. b4 Qxd4+ 18. cxd4 Kf7 19. Rfc1 Bd7 20. Rc5 Rfb8 21. a3 a5 22. bxa5 Rb5 23. Rxb5 cxb5 24. Rd1 Rxa5 25. Rd3 Ra4 26. Kf2 Rc4 1/2-1/2

[Event "San Luis zt 2.5"]
[Site "San Luis"]
[Date "2007.03.21"]
[Round "4"]
[White "Needleman, Gaston"]
[Black "Mahia, Gustavo"]
[Result "1/2-1/2"]
[WhiteElo "2437"]
[BlackElo "2424"]
[PlyCount "94"]
[EventDate "2007.03.19"]
[EventType "swiss"]
[EventRounds "9"]
[EventCountry "ARG"]
[SourceTitle "CBM 117 Extra"]
[Source "ChessBase"]
[SourceDate "2007.05.09"]
[SourceVersion "1"]
[SourceVersionDate "2007.05.09"]
[SourceQuality "1"]

1. d4 e6 2. e4 d5 3. Nd2 Nf6 4. e5 Nfd7 5. c3 c5 6. Bd3 Nc6 7. Ngf3 Qb6 8. 0-0 Be7 9. a3 cxd4 10. cxd4 g5 11. Kh1 g4 12. Ne1 Nxd4 13. f4 f5 14. exf6 Nxf6 15. b4 Bd7 16. Bb2 Rc8 17. Ra2 Nf5 18. Qa1 0-0 19. Bxf5 exf5 20. Bd4 Qa6 21. Nc2 Bb5 22. Re1 Ne4 23. Ne3 Qe6 24. Kg1 Bh4 25. g3 Bd8 26. Nxe4 dxe4 27. h3 gxh3 28. Rh2 Bf6 29. Rxh3 Rcd8 30. Bxf6 Qxf6 31. Qa2+ Kh8 32. a4 Be8 33. b5 Rd3 34. Re2 Bf7 35. Qc2 Qd4 36. Kf2 Be6 37. Qc7 Qg7 38. Qxg7+ Kxg7 39. Rc2 Rc8 40. Rxc8 Bxc8 41. Rh5 Rd2+ 42. Ke1 Ra2 43. Nxf5+ Bxf5 44. Rxf5 Rxa4 45. Re5 Rb4 46. Re7+ Kg6 47. Rxb7 h5 1/2-1/2

[Event "South American-ch U20"]
[Site "Buenos Aires"]
[Date "2007.02.10"]
[Round "7.6"]
[White "Needleman, Gaston"]
[Black "Blit, Jacques"]
[Result "0-1"]
[WhiteElo "2437"]
[BlackElo "2306"]
[PlyCount "44"]
[EventDate "2007.02.06"]
[EventType "swiss"]
[EventRounds "9"]
[EventCountry "ARG"]
[SourceTitle "CBM 116 Extra"]
[Source "ChessBase"]
[SourceDate "2007.03.07"]
[SourceVersion "1"]
[SourceVersionDate "2007.03.07"]
[SourceQuality "1"]

1. e4 d6 2. f4 c5 3. b3 Nf6 4. d3 g6 5. Bb2 Bg7 6. Be2 Nc6 7. Nf3 e5 8. 0-0 0-0 9. g3 exf4 10. gxf4 Nh5 11. Bxg7 Kxg7 12. f5 Qf6 13. Na3 Nf4 14. Qd2 Nxe2+ 15. Qxe2 gxf5 16. Kh1 Kh8 17. Nc4 fxe4 18. Nfd2 Qe6 19. Nxe4 d5 20. Rf6 Qe7 21. Rh6 Bf5 22. Rf1 Bg6 0-1

[Event "South American-ch U20"]
[Site "Buenos Aires"]
[Date "2007.02.09"]
[Round "6.4"]
[White "Goldwaser, Christian"]
[Black "Needleman, Gaston"]
[Result "1-0"]
[WhiteElo "2374"]
[BlackElo "2437"]
[PlyCount "71"]
[EventDate "2007.02.06"]
[EventType "swiss"]
[EventRounds "9"]
[EventCountry "ARG"]
[SourceTitle "CBM 116 Extra"]
[Source "ChessBase"]
[SourceDate "2007.03.07"]
[SourceVersion "1"]
[SourceVersionDate "2007.03.07"]
[SourceQuality "1"]

1. Nf3 Nf6 2. c4 g6 3. Nc3 Bg7 4. e4 0-0 5. d4 d6 6. Be2 c5 7. 0-0 Na6 8. Re1 Bd7 9. d5 Nc7 10. e5 Ng4 11. Nd2 Nh6 12. Nde4 Nf5 13. exd6 exd6 14. Bg5 f6 15. Bf4 Ne8 16. Bd3 g5 17. Bd2 h6 18. f4 Nd4 19. Qh5 Bf5 20. fxg5 fxg5 21. h4 Qd7 22. hxg5 Bg4 23. Qh4 h5 24. Ng3 Nf3+ 25. gxf3 Rxf3 26. Be4 Bd4+ 27. Kh1 Ng7 28. Bxf3 Bxf3+ 29. Kh2 Bf2 30. Nce4 Bxe4 31. Nxe4 Bxh4 32. Nf6+ Kf7 33. Nxd7 Bxe1 34. Rxe1 Rd8 35. Rf1+ Ke7 36. Bc3 1-0

[Event "South American-ch U20"]
[Site "Buenos Aires"]
[Date "2007.02.07"]
[Round "3.5"]
[White "Needleman, Gaston"]
[Black "Cori, Jorge Moise"]
[Result "1-0"]
[WhiteElo "2437"]
[BlackElo "2213"]
[PlyCount "63"]
[EventDate "2007.02.06"]
[EventType "swiss"]
[EventRounds "9"]
[EventCountry "ARG"]
[SourceTitle "CBM 116 Extra"]
[Source "ChessBase"]
[SourceDate "2007.03.07"]
[SourceVersion "1"]
[SourceVersionDate "2007.03.07"]
[SourceQuality "1"]

1. e4 e5 2. Nf3 Nc6 3. Bb5 Bc5 4. 0-0 Nge7 5. Nxe5 Nxe5 6. d4 c6 7. Be2 Bd6 8. dxe5 Bxe5 9. Nd2 d5 10. Nf3 Bc7 11. e5 Bf5 12. Bg5 h6 13. Bh4 Be4 14. Re1 Qd7 15. Bd3 Bxd3 16. Qxd3 0-0-0 17. Nd4 Rde8 18. e6 fxe6 19. Nxe6 g5 20. Nxc7 Kxc7 21. Bg3+ Kc8 22. Re5 Kd8 23. f4 gxf4 24. Bxf4 Nc8 25. Rxe8+ Qxe8 26. Qg3 Qd7 27. Re1 Qf7 28. Qh4+ Ne7 29. Bg5 Re8 30. Qxh6 Kd7 31. Qh3+ Kd8 32. Qe6 1-0

[Event "South American-ch U20"]
[Site "Buenos Aires"]
[Date "2007.02.06"]
[Round "2.4"]
[White "Mareco, Sandro"]
[Black "Needleman, Gaston"]
[Result "1-0"]
[WhiteElo "2356"]
[BlackElo "2437"]
[PlyCount "101"]
[EventDate "2007.02.06"]
[EventType "swiss"]
[EventRounds "9"]
[EventCountry "ARG"]
[SourceTitle "CBM 116 Extra"]
[Source "ChessBase"]
[SourceDate "2007.03.07"]
[SourceVersion "1"]
[SourceVersionDate "2007.03.07"]
[SourceQuality "1"]

1. d4 Nf6 2. c4 c5 3. d5 e6 4. Nc3 exd5 5. cxd5 d6 6. Nf3 g6 7. e4 Bg7 8. h3 0-0 9. Bd3 b5 10. Nxb5 Re8 11. 0-0 Nxe4 12. Re1 a6 13. Na3 Nf6 14. Rxe8+ Nxe8 15. Nc4 Bb7 16. Bc2 Nd7 17. Bg5 Ndf6 18. Ne3 Nc7 19. Bb3 Qe8 20. Bf4 Rd8 21. Qd2 Ne4 22. Qc2 f5 23. Re1 Qf7 24. Nd2 Nf6 25. Ndc4 Nb5 26. Qd1 Qc7 27. a4 Nd4 28. Ba2 Kh8 29. Nxd6 Rxd6 30. Nc4 Bxd5 31. Bxd6 Qc6 32. Be5 Bxg2 33. Bxd4 Bxh3 34. f3 cxd4 35. Ne5 Qc7 36. Qb3 h5 37. Kh2 d3 38. Kxh3 d2 39. Nxg6+ Kh7 40. Rg1 d1Q 41. Qxd1 Ng4 42. fxg4 hxg4+ 43. Kg2 Kxg6 44. Rf1 Kg5 45. Qd5 Be5 46. Qg8+ Bg7 47. Qd5 Be5 48. Bb1 f4 49. Re1 f3+ 50. Kf1 Kf6 51. Qe4 1-0

[Event "Corporacion del Sur-A"]
[Site "Buenos Aires"]
[Date "2006.10.08"]
[Round "6"]
[White "Needleman, Gaston"]
[Black "Flores, Diego"]
[Result "0-1"]
[WhiteElo "2427"]
[BlackElo "2512"]
[PlyCount "80"]
[EventDate "2006.10.02"]
[EventType "tourn"]
[EventRounds "11"]
[EventCountry "ARG"]
[EventCategory "10"]
[SourceTitle "CBM 114 Extra"]
[Source "ChessBase"]
[SourceDate "2006.11.03"]
[SourceVersion "1"]
[SourceVersionDate "2006.11.03"]
[SourceQuality "1"]

1. e4 c5 2. Nf3 e6 3. d4 cxd4 4. Nxd4 a6 5. Bd3 g6 6. 0-0 Bg7 7. c3 d5 8. exd5 Qxd5 9. Bf4 Nf6 10. Nd2 0-0 11. Nc4 Nbd7 12. Re1 b5 13. Na5 Re8 14. Nc2 Nc5 15. Be2 e5 16. Be3 Nb7 17. Nb3 Bf5 18. Nb4 Qe6 19. Bf3 Rad8 20. Bxb7 Rxd1 21. Raxd1 Ng4 22. Bc5 Bf8 23. h3 Nf6 24. Be3 Be4 25. Bxe4 Nxe4 26. Nd5 Rd8 27. Nc7 Rxd1 28. Rxd1 Qc4 29. Nxa6 Qe2 30. Rd8 Qe1+ 31. Kh2 Nxf2 32. Bxf2 Qxf2 33. Nc7 Qb6 34. Rd7 Qc6 35. Nd5 Kg7 36. Rd8 Bd6 37. Ne3 Qb6 38. Rd7 e4+ 39. Kh1 Qxe3 40. Rxd6 Qf2 0-1

[Event "Corporacion del Sur-A"]
[Site "Buenos Aires"]
[Date "2006.10.03"]
[Round "2"]
[White "Needleman, Gaston"]
[Black "Lujan, Carolina"]
[Result "1/2-1/2"]
[WhiteElo "2427"]
[BlackElo "2419"]
[PlyCount "126"]
[EventDate "2006.10.02"]
[EventType "tourn"]
[EventRounds "11"]
[EventCountry "ARG"]
[EventCategory "10"]
[SourceTitle "CBM 114 Extra"]
[Source "ChessBase"]
[SourceDate "2006.11.03"]
[SourceVersion "1"]
[SourceVersionDate "2006.11.03"]
[SourceQuality "1"]

1. e4 c5 2. Nf3 e6 3. d4 cxd4 4. Nxd4 Nf6 5. Nc3 Nc6 6. Ndb5 Bb4 7. a3 Bxc3+ 8. Nxc3 d5 9. exd5 exd5 10. Bd3 d4 11. Ne2 Bf5 12. 0-0 Bxd3 13. Qxd3 0-0 14. b4 Qb6 15. Bb2 Rfd8 16. Rad1 Ne5 17. Qg3 Nc6 18. Qh4 Re8 19. Ng3 Rad8 20. c4 dxc3 21. Bxc3 Rxd1 22. Rxd1 Ne5 23. Nf5 Ng6 24. Qc4 Qe6 25. Qxe6 fxe6 26. Ne3 Rc8 27. Bd4 Nf4 28. Kf1 N4d5 29. Bxa7 Ra8 30. Bd4 Rxa3 31. Bxf6 Nxf6 32. Rd8+ Kf7 33. Rb8 Ne4 34. Rxb7+ Kg6 35. Rc7 Rb3 36. Nc2 Kf6 37. Rc6 Rb2 38. f3 Nd6 39. Ke2 Nf5 40. Kd3 Nh4 41. Kc3 Rb1 42. Rc4 g5 43. Ne3 h5 44. Kd4 Rb2 45. Kc5 Nxg2 46. Nxg2 Rxg2 47. b5 Rxh2 48. b6 Rb2 49. Rb4 Rc2+ 50. Kd6 Rc8 51. Rb5 h4 52. b7 Rb8 53. Kc7 Rxb7+ 54. Kxb7 h3 55. Kc6 h2 56. Rb1 Ke5 57. Rh1 Kf4 58. Rxh2 Kxf3 59. Rh6 Ke4 60. Rf6 Ke3 61. Rxe6+ Kf3 62. Rf6+ Ke4 63. Rg6 Kf4 1/2-1/2

[Event "Corporacion del Sur-A"]
[Site "Buenos Aires"]
[Date "2006.10.02"]
[Round "1"]
[White "Hellsten, Johan"]
[Black "Needleman, Gaston"]
[Result "0-1"]
[WhiteElo "2592"]
[BlackElo "2427"]
[PlyCount "98"]
[EventDate "2006.10.02"]
[EventType "tourn"]
[EventRounds "11"]
[EventCountry "ARG"]
[EventCategory "10"]
[SourceTitle "CBM 114 Extra"]
[Source "ChessBase"]
[SourceDate "2006.11.03"]
[SourceVersion "1"]
[SourceVersionDate "2006.11.03"]
[SourceQuality "1"]

1. d4 Nf6 2. c4 c5 3. d5 e6 4. Nc3 exd5 5. cxd5 d6 6. e4 g6 7. Nge2 Bg7 8. Ng3 0-0 9. Be2 a6 10. a4 Nbd7 11. 0-0 Rb8 12. Bg5 Qc7 13. Qd2 c4 14. Rfc1 b5 15. axb5 axb5 16. b4 Ne5 17. h3 Re8 18. Be3 h5 19. Ra7 Qd8 20. f4 Ned7 21. Bf3 Nb6 22. Nh1 Re7 23. Rxe7 Qxe7 24. Nf2 Ne8 25. Bd4 Bd7 26. Re1 Bxd4 27. Qxd4 Ng7 28. e5 Nf5 29. Qd2 Re8 30. e6 fxe6 31. dxe6 Bxe6 32. Bc6 Rc8 33. Bxb5 d5 34. g4 hxg4 35. Nxg4 Qd6 36. Qe2 Bf7 37. Qe5 Qxe5 38. fxe5 d4 39. Ne4 d3 40. Nc3 Nd4 41. Rf1 Kg7 42. Ba6 Rd8 43. Ne3 Be6 44. Rf6 Ra8 45. b5 Rh8 46. Rf4 Rxh3 47. Rxd4 Rxe3 48. Re4 Nd5 49. b6 d2 0-1